[Event "Deutsche Ländermeisterschaft 2025"]
[Site "Oer-Erkenschwick GER"]
[Date "2025.10.01"]
[Round "2"]
[White "Haug, Mara"]
[Black "de Jong, Lode"]
[Result "0-1"]
[Termination "normal"]
[Board "3.4"]
[BlackTitle "CM"]
[WhiteElo "2078"]
[BlackElo "1978"]
[WhiteClock "00:01:36"]
[BlackClock "00:51:37"]
[WhiteTeam "Baden"]
[BlackTeam "Stichts-Gooise Schaakbond"]
[PlyCount "62"]
[WhiteFideId "16259300"]
[BlackFideId "40101860"]
[EventCountry "GER"]
[EventRounds "7"]
[EventType "team-swiss"]
[EventDate "2025.09.30"]

1. e4 {[%clk 01:30:56]} {[%emt 00:00:03]} c5 {[%clk 01:30:56]} {[%emt
00:00:04]} 2. Nf3 {[%clk 01:31:20]} {[%emt 00:00:06]} d6 {[%clk 01:31:21]}
{[%emt 00:00:06]} 3. d4 {[%clk 01:31:47]} {[%emt 00:00:03]} cxd4 {[%clk
01:31:47]} {[%emt 00:00:04]} 4. Nxd4 {[%clk 01:32:10]} {[%emt 00:00:07]} Nf6
{[%clk 01:32:12]} {[%emt 00:00:05]} 5. Nc3 {[%clk 01:32:33]} {[%emt 00:00:07]}
a6 {[%clk 01:32:39]} {[%emt 00:00:03]} 6. Bg5 {[%clk 01:32:56]} {[%emt
00:00:07]} e6 {[%clk 01:33:03]} {[%emt 00:00:06]} 7. f4 {[%clk 01:33:19]}
{[%emt 00:00:07]} h6 {[%clk 01:33:27]} {[%emt 00:00:06]} 8. Bh4 {[%clk
01:33:35]} {[%emt 00:00:14]} Qb6 {[%clk 01:33:46]} {[%emt 00:00:11]} 9. Bf2
{[%clk 01:27:55]} {[%emt 00:06:10]} Qxb2 {[%clk 01:31:23]} {[%emt 00:02:53]}
10. Na4 {[%clk 01:24:51]} {[%emt 00:03:35]} Qa3 {[%clk 01:19:33]} {[%emt
00:12:20]} 11. c3 {[%clk 01:12:54]} {[%emt 00:12:26]} Nxe4 {[%clk 01:19:53]}
{[%emt 00:00:10]} 12. Qc2 {[%clk 00:41:02]} {[%emt 00:32:23]} Nxf2 {[%clk
01:20:05]} {[%emt 00:00:18]} 13. Kxf2 {[%clk 00:40:26]} {[%emt 00:01:06]} Nd7
{[%clk 01:12:46]} {[%emt 00:07:48]} 14. Rb1 {[%clk 00:36:48]} {[%emt 00:04:08]}
Be7 {[%clk 01:11:28]} {[%emt 00:01:48]} 15. Bd3 {[%clk 00:27:49]} {[%emt
00:09:29]} O-O {[%clk 01:11:15]} {[%emt 00:00:42]} 16. Rhe1 {[%clk 00:26:01]}
{[%emt 00:02:19]} b5 {[%clk 01:08:58]} {[%emt 00:02:47]} 17. Nb2 {[%clk
00:24:34]} {[%emt 00:01:57]} Bb7 {[%clk 01:09:12]} {[%emt 00:00:16]} 18. Nb3
{[%clk 00:23:04]} {[%emt 00:02:01]} Rac8 {[%clk 01:06:14]} {[%emt 00:03:28]}
19. Qd2 {[%clk 00:19:23]} {[%emt 00:04:10]} Bf6 {[%clk 01:04:44]} {[%emt
00:02:01]} 20. Nd1 {[%clk 00:17:04]} {[%emt 00:02:50]} Nb6 {[%clk 01:02:08]}
{[%emt 00:03:04]} 21. Bc2 {[%clk 00:16:12]} {[%emt 00:01:23]} Nd5 {[%clk
00:58:53]} {[%emt 00:03:45]} 22. Qd3 {[%clk 00:11:39]} {[%emt 00:05:03]} g6
{[%clk 00:59:17]} {[%emt 00:00:06]} 23. Qg3 {[%clk 00:08:59]} {[%emt 00:03:06]}
Bg7 {[%clk 00:54:42]} {[%emt 00:05:08]} 24. Qg4 {[%clk 00:03:57]} {[%emt
00:05:33]} Nxc3 {[%clk 00:53:15]} {[%emt 00:01:57]} 25. Nxc3 {[%clk 00:02:04]}
{[%emt 00:02:23]} Rxc3 {[%clk 00:53:39]} {[%emt 00:00:05]} 26. Re2 {[%clk
00:00:57]} {[%emt 00:01:37]} Qb4 {[%clk 00:51:56]} {[%emt 00:02:12]} 27. Rc1
{[%clk 00:00:37]} {[%emt 00:00:51]} e5 {[%clk 00:50:46]} {[%emt 00:01:41]} 28.
g3 {[%clk 00:00:44]} {[%emt 00:00:23]} Bf3 {[%clk 00:51:10]} {[%emt 00:00:06]}
29. Qh3 {[%clk 00:00:48]} {[%emt 00:00:26]} Bxe2 {[%clk 00:51:35]} {[%emt
00:00:05]} 30. Kxe2 {[%clk 00:01:17]} Qc4+ {[%clk 00:51:37]} {[%emt 00:00:28]}
31. Kd2 {[%clk 00:01:36]} {[%emt 00:00:11]} Rc8 {[%clk 00:51:37]} {[%emt
00:00:30]} 0-1

[Event "Deutsche Ländermeisterschaft 2025"]
[Site "Oer-Erkenschwick GER"]
[Date "2025.10.01"]
[Round "2"]
[White "Gergin, Isafara"]
[Black "Gusev, Daniil"]
[Result "1-0"]
[Termination "normal"]
[Board "3.5"]
[WhiteElo "1984"]
[BlackElo "1964"]
[WhiteClock "00:03:51"]
[BlackClock "00:27:53"]
[WhiteTeam "Stichts-Gooise Schaakbond"]
[BlackTeam "Baden"]
[PlyCount "61"]
[WhiteFideId "1082167"]
[BlackFideId "55683886"]
[EventCountry "GER"]
[EventRounds "7"]
[EventType "team-swiss"]
[EventDate "2025.09.30"]

1. e4 {[%clk 01:30:58]} {[%emt 00:00:01]} c5 {[%clk 01:30:58]} {[%emt
00:00:03]} 2. Nf3 {[%clk 01:31:21]} {[%emt 00:00:08]} a6 {[%clk 01:31:22]}
{[%emt 00:00:06]} 3. c4 {[%clk 01:30:39]} {[%emt 00:01:12]} e6 {[%clk
01:31:39]} {[%emt 00:00:13]} 4. Nc3 {[%clk 01:30:10]} {[%emt 00:00:59]} Qc7
{[%clk 01:31:46]} {[%emt 00:00:22]} 5. d4 {[%clk 01:29:04]} {[%emt 00:01:35]}
cxd4 {[%clk 01:32:03]} {[%emt 00:00:14]} 6. Nxd4 {[%clk 01:29:29]} {[%emt
00:00:05]} Nf6 {[%clk 01:31:48]} {[%emt 00:00:44]} 7. Bd3 {[%clk 01:28:48]}
{[%emt 00:01:11]} b6 {[%clk 01:30:08]} {[%emt 00:02:11]} 8. Qe2 {[%clk
01:28:05]} {[%emt 00:01:12]} d6 {[%clk 01:29:43]} {[%emt 00:00:55]} 9. O-O
{[%clk 01:27:42]} {[%emt 00:00:54]} Be7 {[%clk 01:28:31]} {[%emt 00:01:42]} 10.
f4 {[%clk 01:25:47]} {[%emt 00:02:25]} Nbd7 {[%clk 01:28:24]} {[%emt 00:00:37]}
11. Kh1 {[%clk 01:24:40]} {[%emt 00:01:37]} O-O {[%clk 01:25:02]} {[%emt
00:03:51]} 12. Bd2 {[%clk 01:20:08]} {[%emt 00:05:02]} Bb7 {[%clk 01:24:57]}
{[%emt 00:00:35]} 13. Rae1 {[%clk 01:19:39]} {[%emt 00:01:00]} Rfd8 {[%clk
01:24:45]} {[%emt 00:00:42]} 14. Qf2 {[%clk 01:12:36]} {[%emt 00:07:32]} Bf8
{[%clk 01:23:21]} {[%emt 00:01:55]} 15. Qh4 {[%clk 01:05:33]} {[%emt 00:07:33]}
Nc5 {[%clk 01:11:12]} {[%emt 00:12:39]} 16. Bb1 {[%clk 01:03:13]} {[%emt
00:02:49]} Be7 {[%clk 01:08:02]} {[%emt 00:03:40]} 17. Qh3 {[%clk 00:57:20]}
{[%emt 00:06:23]} Bf8 {[%clk 01:02:01]} {[%emt 00:06:32]} 18. e5 {[%clk
00:45:51]} {[%emt 00:11:59]} dxe5 {[%clk 00:56:59]} {[%emt 00:05:32]} 19. fxe5
{[%clk 00:45:21]} {[%emt 00:01:00]} Rxd4 {[%clk 00:57:12]} {[%emt 00:00:17]}
20. Rxf6 {[%clk 00:36:11]} {[%emt 00:09:40]} g6 {[%clk 00:55:49]} {[%emt
00:01:52]} 21. Be3 {[%clk 00:26:22]} {[%emt 00:10:19]} Qxe5 {[%clk 00:49:13]}
{[%emt 00:07:06]} 22. Ref1 {[%clk 00:25:47]} {[%emt 00:01:05]} Rd7 {[%clk
00:48:31]} {[%emt 00:01:12]} 23. b4 {[%clk 00:17:26]} {[%emt 00:08:51]} Qxc3
{[%clk 00:47:44]} {[%emt 00:01:17]} 24. bxc5 {[%clk 00:17:42]} {[%emt
00:00:14]} Bxc5 {[%clk 00:47:51]} {[%emt 00:00:23]} 25. Rxe6 {[%clk 00:05:17]}
{[%emt 00:12:55]} Rad8 {[%clk 00:45:40]} {[%emt 00:02:41]} 26. Re8+ {[%clk
00:03:46]} {[%emt 00:02:01]} Rxe8 {[%clk 00:35:33]} {[%emt 00:10:38]} 27. Qxd7
{[%clk 00:04:05]} {[%emt 00:00:10]} Re7 {[%clk 00:34:20]} {[%emt 00:01:43]} 28.
Qd8+ {[%clk 00:03:59]} {[%emt 00:00:36]} Kg7 {[%clk 00:29:21]} {[%emt
00:05:29]} 29. Bxc5 {[%clk 00:03:49]} {[%emt 00:00:40]} Re1 {[%clk 00:28:37]}
{[%emt 00:01:13]} 30. Bd4+ {[%clk 00:03:29]} {[%emt 00:00:50]} Kh6 {[%clk
00:27:53]} {[%emt 00:01:14]} 31. Qh4# {[%clk 00:03:51]} {[%emt 00:00:08]} 1-0

[Event "Deutsche Ländermeisterschaft 2025"]
[Site "Oer-Erkenschwick GER"]
[Date "2025.10.01"]
[Round "2"]
[White "Gade, Niels Severin"]
[Black "Koorevaar, Sarah-Joy"]
[Result "1/2-1/2"]
[Termination "normal"]
[Board "3.6"]
[WhiteElo "1908"]
[BlackElo "1811"]
[WhiteClock "00:42:55"]
[BlackClock "00:18:00"]
[WhiteTeam "Baden"]
[BlackTeam "Stichts-Gooise Schaakbond"]
[PlyCount "56"]
[WhiteFideId "1346563"]
[BlackFideId "1091174"]
[EventCountry "GER"]
[EventRounds "7"]
[EventType "team-swiss"]
[EventDate "2025.09.30"]

1. e4 {[%clk 01:30:48]} {[%emt 00:00:12]} c5 {[%clk 01:30:56]} {[%emt
00:00:04]} 2. Nf3 {[%clk 01:31:08]} {[%emt 00:00:10]} e6 {[%clk 01:31:18]}
{[%emt 00:00:08]} 3. d4 {[%clk 01:31:27]} {[%emt 00:00:11]} cxd4 {[%clk
01:31:42]} {[%emt 00:00:07]} 4. Nxd4 {[%clk 01:31:41]} {[%emt 00:00:15]} Nc6
{[%clk 01:32:07]} {[%emt 00:00:06]} 5. Nc3 {[%clk 01:31:32]} {[%emt 00:00:38]}
Qc7 {[%clk 01:32:30]} {[%emt 00:00:07]} 6. Be3 {[%clk 01:30:03]} {[%emt
00:02:00]} a6 {[%clk 01:32:45]} {[%emt 00:00:15]} 7. Nxc6 {[%clk 01:30:07]}
{[%emt 00:00:26]} Qxc6 {[%clk 01:27:22]} {[%emt 00:05:53]} 8. Bd3 {[%clk
01:26:50]} {[%emt 00:03:47]} b5 {[%clk 01:24:46]} {[%emt 00:03:06]} 9. O-O
{[%clk 01:17:48]} {[%emt 00:09:32]} b4 {[%clk 01:21:05]} {[%emt 00:04:11]} 10.
Nb1 {[%clk 01:15:35]} {[%emt 00:02:44]} Nf6 {[%clk 01:20:12]} {[%emt 00:01:23]}
11. Nd2 {[%clk 01:12:56]} {[%emt 00:03:09]} Bb7 {[%clk 01:16:07]} {[%emt
00:04:35]} 12. f3 {[%clk 01:11:58]} {[%emt 00:01:28]} Bd6 {[%clk 01:02:08]}
{[%emt 00:14:28]} 13. Nc4 {[%clk 01:10:29]} {[%emt 00:01:59]} Nh5 {[%clk
00:58:26]} {[%emt 00:04:13]} 14. Na5 {[%clk 01:09:20]} {[%emt 00:01:39]} Bxh2+
{[%clk 00:50:49]} {[%emt 00:08:07]} 15. Kxh2 {[%clk 01:08:21]} {[%emt
00:01:29]} Qc7+ {[%clk 00:51:11]} {[%emt 00:00:07]} 16. f4 {[%clk 01:07:24]}
{[%emt 00:01:27]} Qxa5 {[%clk 00:46:15]} {[%emt 00:05:26]} 17. Qg4 {[%clk
01:04:45]} {[%emt 00:03:09]} Nf6 {[%clk 00:40:26]} {[%emt 00:06:19]} 18. Qxg7
{[%clk 00:54:56]} {[%emt 00:10:20]} Qh5+ {[%clk 00:40:47]} {[%emt 00:00:08]}
19. Kg1 {[%clk 00:55:11]} {[%emt 00:00:14]} Ng4 {[%clk 00:41:02]} {[%emt
00:00:16]} 20. Rfe1 {[%clk 00:55:16]} {[%emt 00:00:25]} Qh2+ {[%clk 00:40:54]}
{[%emt 00:00:38]} 21. Kf1 {[%clk 00:55:03]} {[%emt 00:00:43]} Nxe3+ {[%clk
00:33:09]} {[%emt 00:08:14]} 22. Rxe3 {[%clk 00:55:20]} {[%emt 00:00:13]} O-O-O
{[%clk 00:30:52]} {[%emt 00:02:47]} 23. Qe5 {[%clk 00:46:21]} {[%emt 00:09:29]}
Rhg8 {[%clk 00:19:51]} {[%emt 00:11:31]} 24. Qc5+ {[%clk 00:42:29]} {[%emt
00:04:22]} Kb8 {[%clk 00:19:51]} {[%emt 00:00:30]} 25. Re2 {[%clk 00:42:20]}
{[%emt 00:00:40]} Qh1+ {[%clk 00:19:37]} {[%emt 00:00:43]} 26. Qg1 {[%clk
00:42:42]} {[%emt 00:00:08]} Qxg1+ {[%clk 00:19:48]} {[%emt 00:00:20]} 27. Kxg1
{[%clk 00:43:06]} {[%emt 00:00:06]} Rg4 {[%clk 00:19:36]} {[%emt 00:00:41]} 28.
Rf2 {[%clk 00:42:55]} {[%emt 00:00:41]} Rdg8 {[%clk 00:18:00]} {[%emt
00:02:05]} 1/2-1/2

[Event "Deutsche Ländermeisterschaft 2025"]
[Site "Oer-Erkenschwick GER"]
[Date "2025.10.01"]
[Round "2"]
[White "Nguyen, Paul"]
[Black "Färber, Anna"]
[Result "0-1"]
[Termination "normal"]
[Board "3.7"]
[WhiteElo "1790"]
[BlackElo "1780"]
[WhiteClock "00:53:29"]
[BlackClock "00:29:37"]
[WhiteTeam "Stichts-Gooise Schaakbond"]
[BlackTeam "Baden"]
[PlyCount "84"]
[WhiteFideId "1095072"]
[BlackFideId "34633480"]
[EventCountry "GER"]
[EventRounds "7"]
[EventType "team-swiss"]
[EventDate "2025.09.30"]

1. e4 {[%clk 01:30:57]} {[%emt 00:00:03]} c5 {[%clk 01:30:51]} {[%emt
00:00:09]} 2. Nf3 {[%clk 01:31:16]} {[%emt 00:00:10]} d6 {[%clk 01:31:16]}
{[%emt 00:00:06]} 3. Nc3 {[%clk 01:31:40]} {[%emt 00:00:07]} Nf6 {[%clk
01:31:23]} {[%emt 00:00:22]} 4. d4 {[%clk 01:31:51]} {[%emt 00:00:19]} cxd4
{[%clk 01:31:46]} {[%emt 00:00:07]} 5. Nxd4 {[%clk 01:32:15]} {[%emt 00:00:06]}
a6 {[%clk 01:32:13]} {[%emt 00:00:04]} 6. Bc4 {[%clk 01:32:08]} {[%emt
00:00:36]} e6 {[%clk 01:32:10]} {[%emt 00:00:32]} 7. a3 {[%clk 01:32:10]}
{[%emt 00:00:29]} b5 {[%clk 01:30:13]} {[%emt 00:02:27]} 8. Ba2 {[%clk
01:31:48]} {[%emt 00:00:52]} Be7 {[%clk 01:30:17]} {[%emt 00:00:26]} 9. O-O
{[%clk 01:32:01]} {[%emt 00:00:17]} O-O {[%clk 01:28:10]} {[%emt 00:02:37]} 10.
h3 {[%clk 01:31:25]} {[%emt 00:01:07]} Bb7 {[%clk 01:24:08]} {[%emt 00:04:31]}
11. Qd3 {[%clk 01:30:18]} {[%emt 00:01:37]} Nbd7 {[%clk 01:23:01]} {[%emt
00:01:36]} 12. Re1 {[%clk 01:28:36]} {[%emt 00:02:12]} Nc5 {[%clk 01:18:00]}
{[%emt 00:05:31]} 13. Qf3 {[%clk 01:27:05]} {[%emt 00:02:00]} Qb6 {[%clk
01:15:56]} {[%emt 00:02:36]} 14. Bg5 {[%clk 01:22:56]} {[%emt 00:04:39]} b4
{[%clk 01:04:22]} {[%emt 00:12:04]} 15. axb4 {[%clk 01:21:12]} {[%emt
00:02:14]} Qxb4 {[%clk 01:04:32]} {[%emt 00:00:20]} 16. Qe3 {[%clk 01:18:59]}
{[%emt 00:02:44]} Rfe8 {[%clk 00:56:52]} {[%emt 00:08:10]} 17. f3 {[%clk
01:12:23]} {[%emt 00:07:05]} h6 {[%clk 00:52:09]} {[%emt 00:05:14]} 18. Bh4
{[%clk 01:09:08]} {[%emt 00:03:45]} Ng4 {[%clk 00:47:41]} {[%emt 00:04:57]} 19.
hxg4 {[%clk 01:08:17]} {[%emt 00:01:20]} Bxh4 {[%clk 00:48:06]} {[%emt
00:00:06]} 20. Red1 {[%clk 01:08:46]} {[%emt 00:00:02]} Bg5 {[%clk 00:47:42]}
{[%emt 00:00:53]} 21. f4 {[%clk 01:05:53]} {[%emt 00:03:24]} Bf6 {[%clk
00:46:17]} {[%emt 00:01:54]} 22. Bb3 {[%clk 01:03:59]} {[%emt 00:02:25]} e5
{[%clk 00:43:06]} {[%emt 00:03:41]} 23. Nf5 {[%clk 01:03:07]} {[%emt 00:01:23]}
exf4 {[%clk 00:41:49]} {[%emt 00:01:47]} 24. Qxf4 {[%clk 01:03:19]} {[%emt
00:00:17]} Be5 {[%clk 00:41:51]} {[%emt 00:00:27]} 25. Qf3 {[%clk 00:58:30]}
{[%emt 00:05:20]} Nxb3 {[%clk 00:39:43]} {[%emt 00:02:38]} 26. cxb3 {[%clk
00:58:14]} {[%emt 00:00:46]} Qxb3 {[%clk 00:39:24]} {[%emt 00:00:49]} 27. Nxd6
{[%clk 00:55:07]} {[%emt 00:03:38]} Bxd6 {[%clk 00:35:55]} {[%emt 00:03:58]}
28. Rxd6 {[%clk 00:55:06]} {[%emt 00:00:30]} Rad8 {[%clk 00:34:39]} {[%emt
00:01:44]} 29. Rad1 {[%clk 00:53:55]} {[%emt 00:01:45]} Rxd6 {[%clk 00:34:28]}
{[%emt 00:00:41]} 30. Rxd6 {[%clk 00:54:15]} {[%emt 00:00:09]} Qxb2 {[%clk
00:32:14]} {[%emt 00:02:42]} 31. Rd7 {[%clk 00:53:32]} {[%emt 00:01:16]} Rf8
{[%clk 00:31:49]} {[%emt 00:00:53]} 32. Nd5 {[%clk 00:53:09]} {[%emt 00:00:55]}
Qd4+ {[%clk 00:29:06]} {[%emt 00:03:11]} 33. Kf1 {[%clk 00:52:00]} {[%emt
00:01:40]} Qa1+ {[%clk 00:28:38]} {[%emt 00:00:57]} 34. Kf2 {[%clk 00:52:07]}
{[%emt 00:00:24]} Qb2+ {[%clk 00:28:33]} {[%emt 00:00:35]} 35. Kf1 {[%clk
00:51:59]} {[%emt 00:00:39]} Qb5+ {[%clk 00:28:53]} {[%emt 00:00:09]} 36. Kf2
{[%clk 00:51:59]} {[%emt 00:00:31]} Qxd7 {[%clk 00:29:03]} {[%emt 00:00:20]}
37. g5 {[%clk 00:52:22]} {[%emt 00:00:08]} Bxd5 {[%clk 00:28:44]} {[%emt
00:00:49]} 38. exd5 {[%clk 00:52:43]} {[%emt 00:00:08]} hxg5 {[%clk 00:29:00]}
{[%emt 00:00:13]} 39. g4 {[%clk 00:52:58]} {[%emt 00:00:15]} Rd8 {[%clk
00:29:12]} {[%emt 00:00:16]} 40. Qa3 {[%clk 00:52:55]} {[%emt 00:00:36]} Qxd5
{[%clk 00:28:56]} {[%emt 00:00:46]} 41. Qxa6 {[%clk 00:53:19]} {[%emt
00:00:07]} Qd2+ {[%clk 00:29:17]} {[%emt 00:00:09]} 42. Kf1 {[%clk 00:53:29]}
{[%emt 00:00:21]} Qd3+ {[%clk 00:29:37]} {[%emt 00:00:08]} 0-1

[Event "Deutsche Ländermeisterschaft 2025"]
[Site "Oer-Erkenschwick GER"]
[Date "2025.10.01"]
[Round "2"]
[White "Schwarz, David"]
[Black "Spriestersbach, Kai"]
[Result "1-0"]
[Termination "normal"]
[Board "4.1"]
[BlackTitle "FM"]
[WhiteElo "2149"]
[BlackElo "2194"]
[WhiteClock "00:15:45"]
[BlackClock "00:01:47"]
[WhiteTeam "Rheinland-Pfalz"]
[BlackTeam "Nordrhein-Westfalen 2"]
[PlyCount "75"]
[WhiteFideId "16287614"]
[BlackFideId "16269985"]
[EventCountry "GER"]
[EventRounds "7"]
[EventType "team-swiss"]
[EventDate "2025.09.30"]

1. d4 {[%clk 01:30:57]} {[%emt 00:00:01]} Nf6 {[%clk 01:30:55]} {[%emt
00:00:06]} 2. c4 {[%clk 01:31:03]} {[%emt 00:00:24]} g6 {[%clk 01:31:20]}
{[%emt 00:00:05]} 3. h4 {[%clk 01:31:30]} {[%emt 00:00:03]} Nc6 {[%clk
01:29:22]} {[%emt 00:02:28]} 4. Nc3 {[%clk 01:26:21]} {[%emt 00:05:40]} d6
{[%clk 01:29:25]} {[%emt 00:00:26]} 5. e4 {[%clk 01:26:07]} {[%emt 00:00:44]}
Bg7 {[%clk 01:28:55]} {[%emt 00:00:59]} 6. Be2 {[%clk 01:25:38]} {[%emt
00:01:00]} e5 {[%clk 01:11:17]} {[%emt 00:18:07]} 7. Nf3 {[%clk 01:20:10]}
{[%emt 00:05:59]} Bg4 {[%clk 01:03:05]} {[%emt 00:08:42]} 8. d5 {[%clk
01:19:31]} {[%emt 00:01:10]} Bxf3 {[%clk 01:01:34]} {[%emt 00:02:00]} 9. Bxf3
{[%clk 01:15:39]} {[%emt 00:04:22]} Nd4 {[%clk 01:01:10]} {[%emt 00:00:53]} 10.
Be3 {[%clk 01:16:06]} {[%emt 00:00:04]} Nd7 {[%clk 00:59:58]} {[%emt 00:01:42]}
11. h5 {[%clk 01:14:41]} {[%emt 00:01:56]} c5 {[%clk 00:52:48]} {[%emt
00:07:39]} 12. Qd2 {[%clk 01:07:16]} {[%emt 00:07:55]} a6 {[%clk 00:49:41]}
{[%emt 00:03:37]} 13. Be2 {[%clk 01:06:38]} {[%emt 00:01:08]} Qa5 {[%clk
00:36:11]} {[%emt 00:13:59]} 14. Rb1 {[%clk 00:58:11]} {[%emt 00:08:58]} O-O-O
{[%clk 00:22:42]} {[%emt 00:13:59]} 15. h6 {[%clk 00:52:00]} {[%emt 00:06:42]}
Bf6 {[%clk 00:23:06]} {[%emt 00:00:04]} 16. Bg4 {[%clk 00:51:31]} {[%emt
00:01:00]} Be7 {[%clk 00:22:38]} {[%emt 00:00:58]} 17. b4 {[%clk 00:44:50]}
{[%emt 00:07:11]} cxb4 {[%clk 00:20:34]} {[%emt 00:02:34]} 18. Bxd4 {[%clk
00:45:18]} {[%emt 00:00:02]} exd4 {[%clk 00:20:32]} {[%emt 00:00:31]} 19. Ne2
{[%clk 00:44:51]} {[%emt 00:00:58]} d3 {[%clk 00:14:20]} {[%emt 00:06:42]} 20.
Nc1 {[%clk 00:43:36]} {[%emt 00:01:45]} Kb8 {[%clk 00:13:08]} {[%emt 00:01:42]}
21. Nxd3 {[%clk 00:42:44]} {[%emt 00:01:22]} Ne5 {[%clk 00:12:38]} {[%emt
00:01:00]} 22. Nxb4 {[%clk 00:38:57]} {[%emt 00:04:18]} Ka8 {[%clk 00:10:44]}
{[%emt 00:02:24]} 23. Be2 {[%clk 00:38:26]} {[%emt 00:01:00]} Rc8 {[%clk
00:10:09]} {[%emt 00:01:06]} 24. O-O {[%clk 00:33:16]} {[%emt 00:05:41]} Nxc4
{[%clk 00:08:36]} {[%emt 00:02:03]} 25. Bxc4 {[%clk 00:33:07]} {[%emt
00:00:39]} Rxc4 {[%clk 00:09:05]} {[%emt 00:00:01]} 26. Qb2 {[%clk 00:33:30]}
{[%emt 00:00:06]} f6 {[%clk 00:07:32]} {[%emt 00:02:04]} 27. Nc6 {[%clk
00:32:09]} {[%emt 00:01:50]} Qc7 {[%clk 00:08:00]} {[%emt 00:00:02]} 28. Na5
{[%clk 00:21:56]} {[%emt 00:10:44]} Rc5 {[%clk 00:07:00]} {[%emt 00:01:30]} 29.
Qxb7+ {[%clk 00:22:21]} {[%emt 00:00:05]} Qxb7 {[%clk 00:07:23]} {[%emt
00:00:06]} 30. Nxb7 {[%clk 00:22:48]} {[%emt 00:00:03]} Rb5 {[%clk 00:03:06]}
{[%emt 00:04:47]} 31. Rxb5 {[%clk 00:23:03]} {[%emt 00:00:16]} axb5 {[%clk
00:03:34]} {[%emt 00:00:02]} 32. Na5 {[%clk 00:23:28]} {[%emt 00:00:05]} Re8
{[%clk 00:03:16]} {[%emt 00:00:48]} 33. Rb1 {[%clk 00:21:32]} {[%emt 00:02:26]}
Ka7 {[%clk 00:03:22]} {[%emt 00:00:23]} 34. Rxb5 {[%clk 00:19:30]} {[%emt
00:02:33]} Ka6 {[%clk 00:03:03]} {[%emt 00:00:49]} 35. a4 {[%clk 00:19:58]} Bf8
{[%clk 00:03:27]} {[%emt 00:00:08]} 36. Nc6 {[%clk 00:18:46]} {[%emt 00:01:42]}
Bxh6 {[%clk 00:01:33]} {[%emt 00:02:25]} 37. Rb1 {[%clk 00:15:29]} {[%emt
00:03:46]} Rxe4 {[%clk 00:01:47]} {[%emt 00:00:16]} 38. a5 {[%clk 00:15:45]}
{[%emt 00:00:14]} 1-0